Ver es un todo: entrevistas y conversaciones, 1951-1998.

Enregistré dans:
Détails bibliographiques
Auteur principal: Cartier-Bresson, Henri (autor)
Format: Livre
Langue:espagnol
Publié: Barcelona, España: Gustavo Gili, 2014.
Édition:1a. ed
Sujets:
Tags: Ajouter un tag
Pas de tags, Soyez le premier à ajouter un tag!

MARC

LEADER 00000cam a2200000 a 4500
001 UCE5992
003 CL-VaPUC
005 20230116104332.0
008 150319e20140000sp |||||||||||||||||spa|d
999 |c 358499  |d 358497 
020 |a 9788425227578 
040 |c Pontificia Universidad Católica de Valparaíso 
082 0 4 |a 770.1 CAR 2014  |2 21 
100 0 |a Cartier-Bresson, Henri  |e autor  |9 578662 
245 1 0 |a Ver es un todo: entrevistas y conversaciones, 1951-1998. 
250 |a 1a. ed 
260 |a Barcelona, España:  |b Gustavo Gili,  |c 2014. 
300 |a 126 páginas. 
583 |a last modification  |c 20170518 12:51:41  |k Rodrigo Vera 
650 0 |a Fotografía  |9 268495 
650 0 |a Filosofía del arte  |9 264951 
650 0 |a Historia de la fotografía  |2 CL-VaPUC  |9 494165 
650 0 |a Crítica de arte  |9 334590 
942 |c BK  |2 ddc 
945 |d 20150319 12:57:00  |a dcastane 
952 |0 0  |1 0  |2 ddc  |3 erb  |4 0  |6 770_100000000000000_CAR_2014  |7 0  |8 R  |9 467233  |a BIBART  |b BIBART  |c RES  |i 5141303  |o 770.1 CAR 2014  |p 5141303  |r 2025-03-13  |w 2019-11-23  |y BK_R  |z Catalogado en:20150319  |k ART 
952 |0 0  |1 0  |2 ddc  |4 0  |6 770_100000000000000_CAR_2014  |7 0  |8 R  |9 588638  |a BIBART  |b BIBART  |c RES  |d 2023-01-13  |e 135  |g 22100.00  |i 5656418  |o 770.1 CAR 2014  |p 5656418  |r 2025-03-13  |t 2  |v 22100.00  |w 2023-01-13  |y BK_R  |k ART